Stock Market General Knowledge Quiz - Statistics

General Stats
  • This quiz has been taken 94 times
  • The average score is 10 of 20
Answer Stats
Hint Answer % Correct
A company’s first time offering shares to the public IPO
91%
Portion of company profits paid to shareholders Dividend
76%
How easily an asset can be bought or sold Liquidity
73%
Market characterized by falling prices and pessimism Bear market
68%
Market characterized by rising prices and optimism Bull market
68%
Buying or selling stock using confidential information Insider trading
64%
Fund that trades like a stock and tracks an index ETF
55%
Total value of a company’s outstanding shares Market cap
53%
What is the symbol of letters used to identify a company’s stock? Ticker
51%
Measure of how much a price fluctuates Volatility
50%
What type of company lets you buy and sell stocks through an account? Brokerage
47%
Order that sells automatically when price hits a set level Stop loss
47%
Total number of shares traded in a period Volume
47%
Large, established, financially sound company stock Blue chip
45%
Using borrowed funds to increase potential return Leverage
43%
Ratio comparing share price to earnings per share PE Ratio
43%
Order to buy or sell at a specific price or better Limit order
39%
Technical indicator showing overbought or oversold levels RSI
30%
Market decline of 10% or more from recent highs Correction
27%
What do you call profit made after selling a stock? Realized gain
11%
No matching quizzes found
Score Distribution
Percent of People with Each Score
Percentile by Number Answered
Your Score History
You have not taken this quiz